Service economies in europe : (Record no. 345979)

000 -LEADER
fixed length control field 00673 a2200193 4500
020 ## - INTERNATIONAL STANDARD BOOK NUMBER
International Standard Book Number 0861879317
020 ## - INTERNATIONAL STANDARD BOOK NUMBER
International Standard Book Number 9780861879311
090 ## - LOCALLY ASSIGNED LC-TYPE CALL NUMBER (OCLC); LOCAL CALL NUMBER (RLIN)
-- 3503
-- 3503
100 1# - MAIN ENTRY--PERSONAL NAME
Personal name Ochel, Wolfgang.
245 10 - TITLE STATEMENT
Title Service economies in europe :
Remainder of title opportunities for growth /
Statement of responsibility, etc. Wolfgang Ochel.
260 ## - PUBLICATION, DISTRIBUTION, ETC.
Place of publication, distribution, etc. [S.l.] :
Name of publisher, distributor, etc. Continuum International Publishing,
Date of publication, distribution, etc. 1987.
300 ## - PHYSICAL DESCRIPTION
Extent 160 p.
500 ## - GENERAL NOTE
General note Import.
500 ## - GENERAL NOTE
General note Hardcover.
700 1# - ADDED ENTRY--PERSONAL NAME
Personal name Wegner, Manfred.
856 40 - ELECTRONIC LOCATION AND ACCESS
Materials specified Amazon.com
Uniform Resource Identifier <a href="http://www.amazon.com/exec/obidos/ASIN/0861879317/chopaconline-20">http://www.amazon.com/exec/obidos/ASIN/0861879317/chopaconline-20</a>
856 40 - ELECTRONIC LOCATION AND ACCESS
Materials specified Amazon customer reviews
Uniform Resource Identifier <a href="http://www.chopac.org/cgi-bin/tools/azrev.pl?q=0861879317">http://www.chopac.org/cgi-bin/tools/azrev.pl?q=0861879317</a>
942 ## - ADDED ENTRY ELEMENTS (KOHA)
Institution code [OBSOLETE] NBS
Koha item type Book
Call number prefix 338.46094 OCH
Holdings
Withdrawn status Lost status Damaged status Not for loan Permanent Location Current Location Date acquired Total Checkouts Full call number Barcode Date last seen Date last checked out Price effective from Koha item type
        Central Library (CL) Central Library (CL) 08/28/2013 1 338.46094 OCH NBS2831 11/22/2017 08/09/2017 08/28/2013 Book
© 2023 Central Library, National University of Sciences and Technology. All Rights Reserved.